एक एकर. (Record no. 1350141)

MARC details
000 -LEADER
fixed length control field 00592nam a2200181Ia 4500
008 - FIXED-LENGTH DATA ELEMENTS--GENERAL INFORMATION
fixed length control field 151202s9999||||xx |||||||||||||| ||und||
082 ## - DEWEY DECIMAL CLASSIFICATION NUMBER
Item number PNVM-86095
100 ## - MAIN ENTRY--PERSONAL NAME
Personal name माडगूळकर व्यंकटेश.
245 ## - TITLE STATEMENT
Title एक एकर.
260 ## - PUBLICATION, DISTRIBUTION, ETC. (IMPRINT)
Name of publisher, distributor, etc "मेहता पब्लिशिंग हाऊस,पुणे."
260 ## - PUBLICATION, DISTRIBUTION, ETC. (IMPRINT)
Date of publication, distribution, etc 2013
300 ## - PHYSICAL DESCRIPTION
Extent 66
600 ## - SUBJECT ADDED ENTRY--PERSONAL NAME
Personal name माडगूळकर व्यंकटेश.
630 ## - SUBJECT ADDED ENTRY--UNIFORM TITLE
Uniform title एक एकर.
700 ## - ADDED ENTRY--PERSONAL NAME
Personal name माडगूळकर व्यंकटेश.
730 ## - ADDED ENTRY--UNIFORM TITLE
Uniform title एक एकर.
942 ## - ADDED ENTRY ELEMENTS (KOHA)
Koha item type Book
Holdings
Withdrawn status Lost status Damaged status Not for loan Home library Current library Date acquired Cost, normal purchase price Total Checkouts Full call number Barcode Date last seen Cost, replacement price Price effective from Koha item type
        Pune Nagar Vachan Mandir, Pune Pune Nagar Vachan Mandir, Pune 09/09/2015 70.00   PNVM-86095 PNVM-86095 12/02/2015 70.00 12/02/2015 Book